000 00679nam a2200253Ia 4500
003 OSt
005 20220918204252.0
006 a|||||r|||| 00| 0
007 ta
008 220917b |||||||| |||| 00| 0 eng d
024 _a111,812
037 _cTextual
040 _aARTS
_cARTS
_beng
041 _2eng
_aeng
082 _aV52vN3, K9-;1
100 _aWoolf S J
_9111326
245 0 _aItalian risorgimento
260 _aLondon
_bLongmans
_c1969
300 _axii,124p.
_ccm.
490 _aProblems and perspective in history, ed by Hugh F Kearney
650 _aHISTORY
942 _hV52vN3, K9-;1
_cTEXL
_2CC
999 _c235161
_d235161